[Event "South African op"]
[Site "Cape Town"]
[Date "2022.07.16"]
[Round "10"]
[White "Coetsee, Dewald"]
[Black "Baloyi, Xikombi"]
[Result "1/2-1/2"]
[WhiteElo "1218"]
[BlackElo "1890"]
[PlyCount "95"]
[EventDate "2022.07.09"]
[EventType "swiss"]
[EventRounds "11"]
[EventCountry "RSA"]
[SourceTitle "CBM 209 Extra"]
[Source "ChessBase"]
[SourceDate "2022.09.30"]
[SourceVersion "1"]
[SourceVersionDate "2022.09.30"]
[SourceQuality "1"]

1. e4 c5 2. Nf3 g6 3. d4 Bg7 4. Be3 d6 5. c3 Nf6 6. Nbd2 Qc7 7. Be2 0-0 8. 0-0 Nbd7 9. Rc1 Rb8 10. d5 b5 11. b4 a5 12. a4 Ba6 13. axb5 Bxb5 14. c4 Ba6 15. b5 Bc8 16. Bd3 Ra8 17. Qb3 Nb6 18. h3 e6 19. Rc2 Bd7 20. Nb1 e5 21. Nc3 Nh5 22. Nd2 f5 23. f3 Nf4 24. Bxf4 exf4 25. Na4 Nxa4 26. Qxa4 Qd8 27. exf5 gxf5 28. Nb3 Re8 29. Nc1 Kh8 30. Re2 Bd4+ 31. Kh1 Be3 32. Qc2 Qg5 33. Na2 Rg8 34. Nc3 Rgf8 35. Na4 Qd8 36. Rb1 Rb8 37. Ra1 Qf6 38. Ra2 Bd4 39. Qd2 Qd8 40. Qxf4 Qf6 41. Qd2 f4 42. Qxa5 Rf7 43. b6 Qh4 44. Qe1 Qxe1+ 45. Rxe1 Bxa4 46. Rxa4 Rxb6 47. Ra8+ Kg7 48. Rae8 1/2-1/2

[Event "South African op"]
[Site "Cape Town"]
[Date "2022.07.09"]
[Round "1"]
[White "Klaasen, Robyn Julian"]
[Black "Baloyi, Xikombi"]
[Result "1-0"]
[WhiteElo "1609"]
[BlackElo "1890"]
[PlyCount "20"]
[EventDate "2022.07.09"]
[EventType "swiss"]
[EventRounds "11"]
[EventCountry "RSA"]
[SourceTitle "CBM 209 Extra"]
[Source "ChessBase"]
[SourceDate "2022.09.30"]
[SourceVersion "1"]
[SourceVersionDate "2022.09.30"]
[SourceQuality "1"]

1. d4 Nf6 2. c4 c5 3. Nf3 g6 4. Nc3 Bg7 5. g3 0-0 6. Bg2 Na6 7. 0-0 Re8 8. e4 cxd4 9. Na4 d6 10. h3 Qb6 1-0

[Event "Pretoria USSA op"]
[Site "Pretoria"]
[Date "2013.12.02"]
[Round "2"]
[White "Stewart, Johan"]
[Black "Baloyi, Xikombi"]
[Result "0-1"]
[WhiteElo "1289"]
[BlackElo "1830"]
[PlyCount "118"]
[EventDate "2013.12.02"]
[EventType "swiss"]
[EventRounds "9"]
[EventCountry "RSA"]
[SourceTitle "CBM 158 Extra"]
[Source "ChessBase"]
[SourceDate "2014.02.28"]
[SourceVersion "1"]
[SourceVersionDate "2014.02.28"]
[SourceQuality "1"]

1. e4 c5 2. Nf3 Nc6 3. d4 cxd4 4. Nxd4 Nf6 5. Nc3 d6 6. Bb5 Bd7 7. Bxc6 bxc6 8. f3 e5 9. Nde2 Qb6 10. Qd3 Be7 11. b3 0-0 12. Ba3 Be6 13. 0-0-0 c5 14. Nd5 Bxd5 15. exd5 a5 16. Nc3 c4 17. Na4 cxd3 18. Nxb6 dxc2 19. Kxc2 Rab8 20. Nc4 Rfc8 21. Rhe1 Bf8 22. h3 Rb5 23. Rd3 Nxd5 24. Red1 Nf4 25. R3d2 d5 26. Bxf8 Kxf8 27. g3 dxc4 28. gxf4 cxb3+ 29. Kb2 bxa2+ 30. Kxa2 exf4 31. Rd8+ Rxd8 32. Rxd8+ Ke7 33. Ra8 Kf6 34. Ka3 Kg5 35. Ra7 Rf5 36. Kb2 Kh4 37. Kc2 Kxh3 38. Kd2 Kg2 39. Ke2 h5 40. Ra8 h4 41. Rh8 h3 42. Rh4 h2 43. Rg4+ Kh3 44. Rxg7 Rh5 45. Rxf7 h1Q 46. Rxf4 Qh2+ 47. Ke3 Re5+ 48. Re4 a4 49. f4 Rxe4+ 50. Kxe4 Kg4 51. Kd3 Kxf4 52. Kc3 a3 53. Kc4 a2 54. Kc5 a1R 55. Kd5 Qd2+ 56. Kc4 Ra4+ 57. Kb3 Qa2+ 58. Kc3 Rc4+ 59. Kd3 Qc2# 0-1